00838nam a22002417a 450000500170000001000130001702000220003003500130005203700160006504000120008108200160009324500810010926000590019027000460024930000330029550000200032865000220034865000330037070000260040394200250042999900190045495201230047320170124110049.0 aA-991939 a817629196Xc00.00 aA-991939 bCen Lib/Ret aDPLbEN a658.15bFIN aFinancial management :cedited by P. Mohana Raobnew methods and practices / aNew DelhibDeep & Deep Publications Pvt. Ltd. c1999 aF-159. Rajouri Garden bNew Delhie110027 axiii,388p. :bill.c21cm(Hb) aIncludes index. aManagement 93072 aFinancial management 924998 aRao, P. Moahna924984 2ddccENh658.15mFIN c128974d128974 00104070aLbLd2015-07-04eCen Lib/Retg0.00l0o658.15 FINpA-991939r2015-07-04 00:00:00t1v0.00w2016-09-15yEN